Murder Weapons Quiz Stats

 Plays Quiz Updated Aug 3, 2017

Support Sporcle.
Go Orange.
Score 0/10 Timer 04:00
3 Plays Today
Victims Weapon/Method % Correct
8,855Firearms
99.5%
1,589Knives or cutting instruments
97.9%
89Strangulation
80.3%
12Poison
68.8%
518Blunt objects (clubs, hammers, etc.)
68.3%
678'Personal Weapons' (hands, feet, fists, etc)
63.7%
13Drowning
61.3%
85Fire
53.7%
35Narcotics
32.6%
105Asphyxiation
31.5%

From the Vault

Non-Mississippi River States

by MrMikaTheEpic

What, you think you're too good to drain into 'the backbone of America'?
Remove Ads.
Support Sporcle.
Get the best of Sporcle when you Go Orange. This ad-free experience offers more features, more stats, and more fun while also helping to support Sporcle. Thank you for becoming a member.

Show Comments

Extras

Top Quizzes Today


Score Distribution

Your Account Isn't Verified!

In order to create a playlist on Sporcle, you need to verify the email address you used during registration. Go to your Sporcle Settings to finish the process.

Report this User

Report this user for behavior that violates our Community Guidelines.

Details: